000 00732cab a2200241 4500
001 WB3142-57
008 090401t1995 xxu||||| |||| 00| 0 eng d
035 _a(Sirsi) u22335
041 _aeng
245 _aPlan to build freight railway
260 _c1995
350 _a0
490 _aDaily Telegraph
_v6 November 1995, 4(1)
520 _aA 180-mile freight railway scheme between Rugby and Folkestone is expected to be proposed next year by the Transport Secretary Sir George Young, on behalf of Central Railway.
650 _aBLIGHT
650 _aCENTRAL RAILWAY
650 _aFREIGHT
650 _aPOLLUTION
650 _aRAILWAYS
690 _aTRANSPORT AND COMMUNICATIONS
942 _n0
948 _c04/03/1997
999 _c14964
_d14964